000 00388nam a2200157Ia 4500
008 221030s9999 xx 000 0 und d
020 _a0070583552
041 _aEnglish
082 _a105.23
_bCha
100 _aS. N. Chary
245 0 _aProduction & Operations Management
_cby S. N. Chary
260 _bTMH
_aNew Delhi
_c2004
300 _a36.10
650 _aBE Management
942 _cBK
999 _c4301
_d4301